Quartieri di Trieste - Statistics

Statistiche generali
  • Questo quiz è stato fatto 33 volte
  • Il punteggio medio è 10 su 43
Statistiche sulle risposte
Hint Risposta % Corretto
3 Opicina
64%
9 Barcola
59%
17 Barriera nuova
55%
42 Valmaura
55%
43 Borgo San Sergio
45%
31 Melara
45%
8 Basovizza
41%
30 Chiadino
41%
7 Padriciano
41%
33 San Giacomo
41%
39 Servola
41%
21 San Vito
36%
5 Trebiciano
36%
32 Rozzol
32%
19 Borgo teresiano
27%
2 Prosecco
27%
4 Banne
23%
24 Ippodromo
23%
28 Longera
23%
13 Conconello
18%
6 Gropada
18%
14 Scorcola
18%
27 Sottolongera
18%
35 Campanelle
14%
20 Città vecchia
14%
18 Porto vecchio
14%
1 Santa croce
14%
15 Cologna nord
9%
16 Cologna sud
9%
10 Greta
9%
25 Guardiella inferiore
9%
22 Ospedale maggiore
9%
23 Piazza Perugino
9%
11 Roiano nord
9%
12 Roiano sud
9%
40 Santa Maria Maddalena inferiore
9%
29 Boschetto
5%
34 Chiarbola superiore
5%
38 Cimiteri
5%
37 Cimiteri non cattolici
5%
26 Guardiella superiore
5%
41 Poggi Sant'Anna
5%
36 Chiarbola inferiore
0%
Nessun quiz corrispondente trovato
Distribuzione punteggi
Percentuale di utenti per punteggio
Percentile per numero di risposta
I tuoi punteggi nel tempo
Non hai fatto questo quiz